• 首页
  • 本馆介绍
  • 公告通知
  • 最新文献
  • 馆藏检索
  • 电子资源
  • 读者导购
  • 参考咨询
  • 我的图书馆
  • 登录
  • 详细信息显示
  • 放入我的书架
  • 预约/预借图书
  • 作者相关作品
  • 分类相关作品
  • 丛书相关作品
  • 出版社相关作品

书目信息

  • 表格格式
  • 工作单格式
  • 卡片格式
题名:
中国美术欣赏
    
 
作者: 张道森 编著
分册:  
出版信息: 杭州   浙江大学出版社  2005
页数: 218页
开本: 23cm
丛书名: 普通高校通识教育丛书
单 册:
中图分类: J052
科图分类:
主题词: 美术--鉴赏--中国--高等学校--教材 , 美术
电子资源:
ISBN: 7-308-04296-0
000 00783oam2 2200253 450
001 003006168
005 20061119091334.53
010    @a7-308-04296-0@dCNY28.00
100    @a20050416d2005 em y0chiy0110 ea
101 0  @achi
102    @aCN@b330000
105    @aa z 000yy
200 1  @a中国美术欣赏@9zhong guo mei shu xin shang@f张道森编著
210    @a杭州@c浙江大学出版社@d2005
215    @a218页@c图@d23cm
225 2  @a普通高校通识教育丛书
330    @a本书内容包括:美术文化欣赏常识、绘画艺术、雕塑艺术、建筑艺术、传统工艺美术等。
461  0 @12001 @a普通高校通识教育丛书
606 0  @a美术@x鉴赏@y中国@x高等学校@j教材
606 0  @a美术
690    @aJ052@v4
701  0 @a张道森@9zhang dao sen@f(1953~)@4编著
801  0 @aCN@bNLC@c20061119
905    @a10447@dJ052@e157
    
    中国美术欣赏/张道森编著.-杭州:浙江大学出版社,2005
    218页:图;23cm.-(普通高校通识教育丛书)
    
    
    ISBN 7-308-04296-0:CNY28.00
    本书内容包括:美术文化欣赏常识、绘画艺术、雕塑艺术、建筑艺术、传统工艺美术等。
●
相关链接 在E读中查询图书 在五车中查询图书 在当当中查询图书 在豆瓣中查询图书


正题名:中国美术欣赏     索取号:J052/157         预约/预借

序号 登录号 条形码 馆藏地/架位号 状态 备注
1 0392076   203920766   第一样本阅览室/ [索取号:J052/157] 在馆    
2 0392077   203920775   第一借阅区/ [索取号:J052/157] 在馆    
3 0392078   203920784   第一借阅区/ [索取号:J052/157] 在馆    
4 0392079   203920793   第一借阅区/ [索取号:J052/157] 在馆    
5 0392080   203920800   第一借阅区/ [索取号:J052/157] 在馆    
唐山师范学院图书馆 欢迎您!
大连网信软件有限公司© 版权所有